Statistics for Texas Pro Sport Teams

Click here to take the quiz!

General Stats

  • This quiz has been taken 7,873 times
    (6,814 since last reset)
  • The average score is 7 of 8

Answer Stats

League Team % Correct
NFLDallas Cowboys
96%
NBASan Antonio Spurs
89%
NFLHouston Texans
89%
NBADallas Mavericks
87%
NBAHouston Rockets
87%
MLBHouston Astros
86%
MLBTexas Rangers
83%
NHLDallas Stars
78%

Score Distribution

Percentile by Number Answered

Percent of People with Each Score

Your Score History

You have not taken this quiz since the last reset